| 000 | 00927cab a2200301 4500 | ||
|---|---|---|---|
| 001 | ABS49422 | ||
| 008 | 090401t1993 xxu||||| |||| 00| 0 eng d | ||
| 035 | _a(Sirsi) u71171 | ||
| 041 | _aeng | ||
| 100 | _aBennett, J. | ||
| 245 | _aStanding on the rules | ||
| 260 | _c1993 | ||
| 350 | _a0 | ||
| 490 |
_aLocal Government Chronicle _v24 September 1993, 19(1) |
||
| 520 | _aAdvises local authorities on how to comply with EC Services Services Directive (92/50/EEC) and ways in which existing contract procedures can still apply. | ||
| 650 | _aDIRECTIVE 92/50/EEC | ||
| 650 | _aCONTRACT LAW | ||
| 650 | _aDOE CIRCULAR 06/1989 | ||
| 650 | _aEC DIRECTIVES | ||
| 650 | _aFRAMEWORK AGREEMENTS | ||
| 650 | _aLOCAL AUTHORITIES | ||
| 650 | _aProcurement-old | ||
| 690 | _aBUILT ENVIRONMENT-BUILDING CONTRACT FORMS | ||
| 690 | _aEUROPE-SINGLE MARKET | ||
| 700 | _aCirell, S. | ||
| 942 | _n0 | ||
| 948 | _c04/03/1997 | ||
| 999 |
_c44834 _d44834 |
||